Chvíľka pre teba. Varíme a pečieme
| Other Authors: | , |
|---|---|
| Format: | Journal |
| Language: | Slovak |
| PhysicalDescription: | zv. 30 cm |
| Published: |
Bratislava
Bauer Media SK v.o.s.
[2010]-
Bratislava Mafra Slovakia Print, s.r.o. Bratislava Mafra Slovakia a.s. |
| ISSN: | 2453-8663 |
| Subjects: |
MARC
| LEADER | 00000cas a2200000 a 4500 | ||
|---|---|---|---|
| 001 | vtls011605851 | ||
| 003 | SK-MaSNL | ||
| 005 | 20260228164419.0 | ||
| 008 | 170123c20169999xo br p |0 b0slo | ||
| 022 | |a 2453-8663 | ||
| 040 | |a SVKBB |b slo |c SVKBB |d SNK |e AACR2 | ||
| 041 | 0 | |a slo | |
| 044 | |a xo |c SK | ||
| 072 | 7 | |a 641 |x Kuchárstvo. Potraviny. Varené jedlá |2 konspekt | |
| 080 | |a 641.526.2 |2 2011 | ||
| 080 | |a 641.53 |2 2011 | ||
| 080 | |a 050 |2 2011 | ||
| 210 | 0 | |a Chvíľka teba, Varíme pečieme | |
| 222 | 0 | |a Chvíľka pre teba. Varíme a pečieme | |
| 245 | 0 | 0 | |a Chvíľka pre teba. Varíme a pečieme |
| 246 | 1 | 3 | |a Varíme a pečieme |
| 260 | |a Bratislava |b Bauer Media SK v.o.s. |c [2010]- | ||
| 260 | 2 | |3 ?-2019 |a Bratislava |b Mafra Slovakia Print, s.r.o. | |
| 260 | 3 | |3 2020- |a Bratislava |b Mafra Slovakia a.s. | |
| 300 | |a zv. |c 30 cm | ||
| 310 | |a 6x ročne | ||
| 362 | 0 | |a [Roč. 1, č. 1 (2010)]- | |
| 500 | |a Do č. 3/2016 bolo v tiráži uvedené ISSN hlavného titulu Chvíľka pre teba = ISSN 1803-2192 | ||
| 500 | |a Evidenčné číslo: EV 2731/08 ; EV 5395/16 | ||
| 500 | |a Podnázov v tiráži: varíme a pečieme - špeciál Chvíľky pre teba | ||
| 500 | |a Šéfredaktorka: 2016-?, Ivana Šišková ; ?- Ivana Dragúňová | ||
| 500 | |a V č. 4/2016 chybne uvedené ISSN 2543-8663 | ||
| 650 | 0 | 7 | |a varenie |2 SNKPH |9 4177 |
| 650 | 0 | 7 | |a pečenie |2 SNKPH |9 275489 |
| 655 | 7 | |a časopisy pre ženy |2 SNKPH |9 70785 | |
| 700 | 1 | |a Šišková, Ivana |4 pbd |9 274127 | |
| 700 | 1 | |a Dragúňová, Ivana |4 pbd |9 274128 | |
| 772 | 0 | |t Chvíľka pre teba |x 1803-2192 |w vtls009295689 | |
| 910 | |a snk | ||
| 999 | |c 13513 |d 15443 | ||
| 952 | |0 0 |1 0 |4 0 |7 0 |8 0 |a SNK |b SNK |d 2023-10-09 |i snk2023/14588 |l 0 |o snkČSB 6311/13/2022 |p 17A1521778 |r 2026-02-21 19:48:00 |t č. 1-6 |w 2026-02-21 |y PREZ | ||
| 952 | |0 0 |1 0 |4 0 |7 0 |8 1 |a SNK |b SNK |d 2022-05-05 |i snk2022/6886 |l 0 |o snkČSB 6311/2015 |p 17A1462983 |r 2026-02-21 20:03:59 |t č. 1-6 |w 2026-02-21 |y PREZ | ||
| 952 | |0 0 |1 0 |4 0 |7 0 |8 0 |a SNK |b SNK |d 2022-12-06 |i snk2022/18194 |l 0 |o snkČSB 6311/10/2019 |p 17A1464895 |r 2026-02-21 20:11:05 |t č. 1-6 |w 2026-02-21 |y PREZ | ||
| 952 | |0 0 |1 0 |4 0 |7 0 |8 0 |a SNK |b SNK |d 2022-12-06 |i snk2022/18195 |l 0 |o snkČSB 6311/10/2019 D1 |p 17A1464894 |r 2026-02-21 20:11:05 |t č. 1-6 |w 2026-02-21 |y PREZ | ||
| 952 | |0 0 |1 0 |4 0 |7 0 |8 0 |a SNK |b SNK |d 2022-12-06 |i snk2022/18196 |l 0 |o snkČSB 6311/11/2020 |p 17A1464893 |r 2026-02-21 20:11:05 |t č. 1-6, neúplné |w 2026-02-21 |y PREZ |z Chýba č. 1-2 | ||
| 952 | |0 0 |1 0 |4 0 |7 0 |8 0 |a SNK |b SNK |d 2022-12-06 |i snk2022/18198 |l 0 |o snkČSB 6311/11/2020 D1 |p 17A1464892 |r 2026-02-21 20:11:05 |t č. 1-6, neúplné |w 2026-02-21 |y PREZ |z Chýba č. 1-2, 5-6 | ||
| 952 | |0 0 |1 0 |4 0 |7 0 |8 0 |a SNK |b SNK |d 2022-12-06 |i snk2022/18200 |l 0 |o snkČSB 6311/12/2021 |p 17A1464891 |r 2026-02-21 20:11:05 |t č. 1-6 |w 2026-02-21 |y PREZ | ||
| 952 | |0 0 |1 0 |4 0 |7 0 |8 1 |a SNK |b SNK |d 2022-12-19 |i snk2022/19102 |l 0 |o snkČSB 6311/2016 D1 |p 17A1465082 |r 2026-02-21 20:11:40 |t č. 1-6 |w 2026-02-21 |y PREZ | ||
| 952 | |0 0 |1 0 |4 0 |7 0 |8 0 |a SNK |b SNK |d 2017-01-27 |i snk2017/2524 |l 0 |o snkČSB 6311/2016 |p 17A1204727 |r 2026-02-21 21:48:16 |t č. 1-6 |w 2026-02-21 |y PREZ | ||
| 952 | |0 0 |1 0 |4 0 |7 0 |8 0 |a SNK |b SNK |d 2018-12-06 |i snk2018/26225 |l 0 |o snkČSB 6311/2017 |p 17A1341660 |r 2026-02-21 22:13:43 |t č. 1-6 |w 2026-02-21 |y PREZ | ||
| 952 | |0 0 |1 0 |4 0 |7 0 |8 0 |a SNK |b SNK |d 2018-12-06 |i snk2018/26226 |l 0 |o snkČSB 6311/2018 |p 17A1341661 |r 2026-02-21 22:13:43 |t č. 1-6 |w 2026-02-21 |y PREZ | ||
| 952 | |0 0 |1 0 |4 0 |7 0 |8 0 |a SNK |b SNK |d 2018-12-06 |i snk2018/26242 |l 0 |o snkČSB 6311/2017 D1 |p 17A1341662 |r 2026-02-21 22:13:43 |t č. 1-6, neúplné |w 2026-02-21 |y PREZ |z Chýba č. 1 | ||
| 952 | |0 0 |1 0 |4 0 |7 0 |8 0 |a SNK |b SNK |d 2018-12-06 |i snk2018/26243 |l 0 |o snkČSB 6311/2018 D1 |p 17A1341663 |r 2026-02-21 22:13:43 |t č. 1-6 |w 2026-02-21 |y PREZ | ||


